| 000 | 00743nam a2200217 a 4500 | ||
|---|---|---|---|
| 005 | 20210223124106.0 | ||
| 008 | 010518s1996 r 000 0 eng d | ||
| 020 | _a8437614058 | ||
| 035 | _aUPN01000106424 | ||
| 049 | _aCG | ||
| 050 | 4 |
_aB1875 _bW5.48 |
|
| 100 | 1 |
_aWilliams, Bernard Arthur Owen, _d1929- |
|
| 245 | 1 | 0 |
_aDescartes : _bel proyecto de la investigación pura / _cBernard Williams ; tr. Jesús Antonio Coll Mármol. |
| 260 |
_aMadrid : _bCatedra, _c1996. |
||
| 300 | _a399 p. | ||
| 440 | 0 |
_aColección de teorema. _pSerie menor |
|
| 534 | _tDescartes : the project of pure enquiry | ||
| 600 | 1 | 4 |
_aDESCARTES, RENE, _d1596-1650 - _xCRITICA E INTERPRETACION _97879 |
| 700 | 1 |
_aColl Mármol, Jesús Antonio, _etr. |
|
| 905 | _aLibro | ||
| 999 |
_c80336 _d80336 |
||